[Event "First Saturday 2008 szeptember FM"]
[Site "Budapest"]
[Date "2008.09.10"]
[Round "5"]
[White "Greeff, Melissa"]
[Black "Zilahi, Gabor"]
[Result "0-1"]
[WhiteElo "1965"]
[BlackElo "2013"]
[PlyCount "96"]
[EventDate "2008.09.06"]

1. e4 g6 2. d4 Bg7 3. Be3 d6 4. Qd2 Nd7 5. Nc3 e6 6. Bc4 a6 7. Bb3 Ne7 8. Nf3
h6 9. a4 b6 10. Ng1 Bb7 11. f4 Nf6 12. Qd3 Ng4 13. Bd2 Nc6 14. Nf3 e5 15. h3
Nf6 16. dxe5 dxe5 17. Qc4 O-O 18. Nxe5 Na5 19. Qe2 Nxb3 20. cxb3 Qd4 21. Nf3
Qb4 22. e5 Nh5 23. Qc4 Qe7 24. O-O-O b5 25. Qd3 Rfd8 26. Qc2 Ng3 27. Rhe1 b4
28. Na2 a5 29. Be3 Ra6 30. Bc5 Qe8 31. Rxd8 Qxd8 32. Nd4 Bf8 33. e6 Bxc5 34.
Qxc5 fxe6 35. Rxe6 Rxe6 36. Nxe6 Ne2+ 37. Kb1 Qd1+ 38. Nc1 Be4+ 39. Ka1 Qxc1+
40. Qxc1 Nxc1 41. Nc5 Bxg2 42. Kb1 Ne2 43. Kc2 Nxf4 44. Kd2 Nxh3 45. Ke3 Ng5
46. Kf4 Kf7 47. Ke5 h5 48. Kf4 Ne6+ 0-1

[Event "First Saturday 2008 szeptember FM"]
[Site "Budapest"]
[Date "2008.09.11"]
[Round "6"]
[White "Mendege, Andras"]
[Black "Zilahi, Gabor"]
[Result "0-1"]
[WhiteElo "1876"]
[BlackElo "2013"]
[PlyCount "108"]
[EventDate "2008.09.06"]

1. e4 g6 2. d4 Bg7 3. Nc3 d6 4. Be3 a6 5. Qd2 Nd7 6. O-O-O e6 7. h4 h6 8. f4
Ndf6 9. Be2 b6 10. e5 Nd5 11. Nxd5 exd5 12. h5 Ne7 13. g4 Be6 14. hxg6 fxg6 15.
Rf1 Qd7 16. Qd1 b5 17. Nh3 O-O-O 18. Nf2 h5 19. Kb1 hxg4 20. Bxg4 Nf5 21. Bxf5
Bxf5 22. Qe2 Rde8 23. a4 Kb7 24. axb5 axb5 25. Qf3 Qc6 26. Nd3 Be4 27. Qd1 Bxh1
28. Rxh1 Rxh1 29. Qxh1 Rh8 30. Qg2 dxe5 31. fxe5 Rd8 32. Nc5+ Kc8 33. e6 Bf8
34. Qxg6 Bxc5 35. dxc5 d4 36. Qf5 Kb7 37. e7 Ra8 38. Bc1 Qa6 39. Qd5+ Qc6 40.
Qxd4 Ra4 41. b4 Qe6 42. Bd2 Qxe7 43. Qd5+ c6 44. Qd3 Qf7 45. Bc3 Ra8 46. Kb2
Re8 47. Qd4 Re6 48. Qd3 Rg6 49. Be5 Rg4 50. Qd8 Rxb4+ 51. Kc1 Qf1+ 52. Kd2 Qf2+
53. Kc1 Qe1+ 54. Qd1 Rb1+ 0-1

[Event "First Saturday 2008 szeptember FM"]
[Site "Budapest"]
[Date "2008.09.11"]
[Round "6"]
[White "Havaskori, Laszlo"]
[Black "Greeff, Melissa"]
[Result "1/2-1/2"]
[WhiteElo "2032"]
[BlackElo "1965"]
[PlyCount "118"]
[EventDate "2008.09.06"]

1. d4 d5 2. Nf3 Nf6 3. Bf4 Bf5 4. e3 e6 5. Nbd2 Nbd7 6. Be2 c5 7. O-O cxd4 8.
exd4 Qb6 9. Nb3 Bd6 10. Bxd6 Qxd6 11. Bb5 O-O 12. Re1 a6 13. Bf1 Ne4 14. Nbd2
Rac8 15. c3 f6 16. Nxe4 Bxe4 17. Nd2 Bg6 18. g3 e5 19. Bh3 Rc7 20. Qg4 e4 21.
Qe6+ Qxe6 22. Bxe6+ Bf7 23. Bxd7 Rxd7 24. f3 exf3 25. Nxf3 Bh5 26. Nh4 Bg4 27.
Kf2 g5 28. Nf3 Kf7 29. Nd2 h5 30. Re3 Re7 31. Rae1 Rxe3 32. Rxe3 Rh8 33. h4
gxh4 34. gxh4 Rg8 35. Rg3 Re8 36. Re3 Rg8 37. Nf1 Be6 38. Rg3 Bg4 39. b3 b5 40.
Ne3 Ke6 41. Rg1 Rg6 42. Rc1 Kd6 43. c4 bxc4 44. bxc4 dxc4 45. Rxc4 Bd7 46. Rc5
f5 47. Rd5+ Ke7 48. Nxf5+ Bxf5 49. Rxf5 Rg4 50. Ke3 Rxh4 51. Ra5 Rh1 52. Rxa6
h4 53. Ke4 h3 54. Kd5 Ra1 55. Re6+ Kd7 56. Re2 Rg1 57. Rh2 Rg5+ 58. Kc4 Rg2 59.
Rxh3 Rxa2 1/2-1/2

[Event "First Saturday 2008 szeptember FM"]
[Site "Budapest"]
[Date "2008.09.11"]
[Round "6"]
[White "Mayer, Istvan"]
[Black "Seidel, Michael dr.prof"]
[Result "1/2-1/2"]
[WhiteElo "2164"]
[BlackElo "2080"]
[PlyCount "44"]
[EventDate "2008.09.06"]

1. e4 d6 2. d4 Nf6 3. Nc3 g6 4. Bg5 c6 5. Qd2 b5 6. a3 h6 7. Be3 Ng4 8. Bf4 e5
9. dxe5 dxe5 10. Qxd8+ Kxd8 11. Bg3 Bd6 12. Nf3 Nd7 13. h3 Ngf6 14. O-O-O Ke7
15. Bh2 a5 16. Bd3 b4 17. Nb1 Ba6 18. a4 Rhc8 19. Bxa6 Rxa6 20. Nbd2 Ne8 21.
Nc4 f6 22. Nh4 Nf8 1/2-1/2

[Event "First Saturday 2008 szeptember FM"]
[Site "Budapest"]
[Date "2008.09.11"]
[Round "6"]
[White "Bodrogi, Laszlo"]
[Black "Zoltan, Andras"]
[Result "1/2-1/2"]
[WhiteElo "2104"]
[BlackElo "2078"]
[PlyCount "54"]
[EventDate "2008.09.06"]

1. d4 d5 2. c4 e5 3. dxe5 d4 4. Nf3 Nc6 5. e4 Bg4 6. Be2 Bxf3 7. gxf3 Nxe5 8.
f4 Bb4+ 9. Kf1 d3 10. fxe5 dxe2+ 11. Qxe2 Qd4 12. Nc3 Bxc3 13. bxc3 Qxe5 14. f4
Qe6 15. Rg1 O-O-O 16. Rxg7 Nf6 17. e5 Qh3+ 18. Kg1 Kb8 19. exf6 Rhe8 20. Be3
Rxe3 21. Qg2 Qe6 22. Rg3 Rxg3 23. Qxg3 Qxf6 24. Re1 Qb6+ 25. Qe3 Rg8+ 26. Kf2
Qc6 27. Qe4 Qc5+ 1/2-1/2

[Event "First Saturday 2008 szeptember FM"]
[Site "Budapest"]
[Date "2008.09.11"]
[Round "6"]
[White "Darazs, Zoltan"]
[Black "Koban, Balint"]
[Result "1-0"]
[WhiteElo "2245"]
[BlackElo "2148"]
[PlyCount "57"]
[EventDate "2008.09.06"]

1. d4 Nf6 2. c4 g6 3. Nc3 d5 4. cxd5 Nxd5 5. Bd2 Bg7 6. e4 Nb6 7. Be3 O-O 8. f4
Nc6 9. d5 Nb8 10. Bd4 Bh6 11. Qd2 f5 12. Bxb6 axb6 13. e5 c6 14. h4 e6 15. d6
Nd7 16. Nf3 b5 17. h5 Kg7 18. g3 Nc5 19. Qe3 b6 20. Nd4 Bd7 21. hxg6 hxg6 22.
Bg2 b4 23. Nce2 Qc8 24. g4 fxg4 25. Rxh6 Kxh6 26. f5+ g5 27. f6 Qa6 28. Be4 Be8
29. Kf2 1-0

[Event "First Saturday 2008 szeptember FM"]
[Site "Budapest"]
[Date "2008.09.11"]
[Round "6"]
[White "Lakat, Gyula"]
[Black "Borda, Lajos"]
[Result "1/2-1/2"]
[WhiteElo "1920"]
[BlackElo "2149"]
[PlyCount "53"]
[EventDate "2008.09.06"]

1. c4 Nf6 2. Nc3 g6 3. g3 Bg7 4. Bg2 c6 5. e4 d6 6. d4 Qc7 7. Nge2 e5 8. O-O
exd4 9. Nxd4 O-O 10. Kh1 Qb6 11. Nde2 Ng4 12. Qe1 Ne5 13. Qd1 Nxc4 14. b3 Ne5
15. Be3 Qc7 16. f4 Ng4 17. Bg1 f5 18. h3 Nf6 19. exf5 gxf5 20. Rc1 Qd7 21. Rf3
Re8 22. Rd3 d5 23. Bd4 Ne4 24. Qg1 b6 25. Bxg7 Qxg7 26. b4 Na6 27. a3 1/2-1/2

[Event "First Saturday 2008 szeptember FM"]
[Site "Budapest"]
[Date "2008.09.12"]
[Round "7"]
[White "Borda, Lajos"]
[Black "Mendege, Andras"]
[Result "1-0"]
[WhiteElo "2149"]
[BlackElo "1876"]
[PlyCount "120"]
[EventDate "2008.09.06"]

1. c4 c5 2. g3 Nc6 3. Bg2 g6 4. e3 Bg7 5. Ne2 Nf6 6. Nbc3 O-O 7. O-O d6 8. d4
cxd4 9. Nxd4 Bd7 10. Rb1 Qc8 11. Nxc6 bxc6 12. Re1 Rb8 13. b3 Bh3 14. Bh1 Rd8
15. Qe2 Bg4 16. f3 Bd7 17. Bb2 Qc7 18. Bg2 Bc8 19. e4 Nd7 20. Nd1 Qb6+ 21. Kh1
Nf6 22. Rc1 Ba6 23. e5 dxe5 24. Bxe5 Rbc8 25. Bh3 e6 26. Nc3 c5 27. Bg2 Bb7 28.
Rcd1 Bc6 29. Rxd8+ Rxd8 30. Rd1 Ne8 31. Bxg7 Nxg7 32. g4 Rd4 33. Rxd4 cxd4 34.
Ne4 Bxe4 35. Qxe4 Qd8 36. Bf1 f5 37. Qc2 fxg4 38. fxg4 Qg5 39. Qe4 Qd8 40. Kg2
Qd7 41. Kf3 Qd6 42. h3 a6 43. Ke2 e5 44. Qd5+ Qxd5 45. cxd5 Ne8 46. b4 Nd6 47.
Kd2 Kf8 48. Bxa6 Ke7 49. Kd3 Kd7 50. a4 g5 51. a5 Kc7 52. b5 h6 53. b6+ Kd7 54.
Bc4 Kc8 55. a6 Kb8 56. Bb3 Ka8 57. Ba4 Kb8 58. Bc6 Nc8 59. a7+ Nxa7 60. bxa7+
Kxa7 1-0

[Event "First Saturday 2008 szeptember FM"]
[Site "Budapest"]
[Date "2008.09.12"]
[Round "7"]
[White "Koban, Balint"]
[Black "Lakat, Gyula"]
[Result "1-0"]
[WhiteElo "2148"]
[BlackElo "1920"]
[PlyCount "51"]
[EventDate "2008.09.06"]

1. e4 c5 2. Nf3 Nc6 3. d4 cxd4 4. Nxd4 Nf6 5. Nc3 e5 6. Ndb5 d6 7. Bg5 a6 8.
Na3 b5 9. Bxf6 gxf6 10. Nd5 Bg7 11. Bd3 Be6 12. O-O O-O 13. Qh5 Ne7 14. c4 bxc4
15. Nxc4 Bxd5 16. exd5 f5 17. Bxf5 Nxf5 18. Qxf5 Ra7 19. Rac1 Qd7 20. Ne3 Bh6
21. Ng4 Bg7 22. Nf6+ Bxf6 23. Qxf6 Qd8 24. Qf5 Qd7 25. Qg5+ Kh8 26. Qf6+ 1-0

[Event "First Saturday 2008 szeptember FM"]
[Site "Budapest"]
[Date "2008.09.12"]
[Round "7"]
[White "Zoltan, Andras"]
[Black "Darazs, Zoltan"]
[Result "1/2-1/2"]
[WhiteElo "2078"]
[BlackElo "2245"]
[PlyCount "130"]
[EventDate "2008.09.06"]

1. e4 d5 2. exd5 Nf6 3. d4 Nxd5 4. c4 Nf6 5. Nc3 g6 6. Nf3 Bg7 7. Bf4 O-O 8.
Be2 c5 9. d5 e6 10. O-O exd5 11. cxd5 Bf5 12. Qb3 Qb6 13. Qxb6 axb6 14. Bc7
Nbd7 15. Bb5 Ne8 16. Bf4 Ndf6 17. h3 Rd8 18. Rad1 Nd6 19. Bd3 Rfe8 20. Bxf5
gxf5 21. Bxd6 Rxd6 22. Nh4 f4 23. Nf5 Rd7 24. d6 Re5 25. Ne7+ Kf8 26. Nc8 Re6
27. Nxb6 Rdxd6 28. Nc4 Rxd1 29. Rxd1 Ne4 30. Nxe4 Rxe4 31. Nd6 Rb4 32. Nf5 Bd4
33. Nxd4 cxd4 34. b3 Ke7 35. Kf1 Kd6 36. Ke2 Kd5 37. Kf3 Rb6 38. Ke2 Rg6 39.
Rg1 Ke4 40. f3+ Kd5 41. Kd2 h5 42. Kd3 Rc6 43. Re1 Rc3+ 44. Kd2 Re3 45. Rc1 Re7
46. Rc8 f6 47. Rd8+ Kc5 48. Rg8 b6 49. Kd3 Kd5 50. Rd8+ Kc5 51. Rc8+ Kd5 52.
Rg8 b5 53. Rh8 Re3+ 54. Kd2 Re5 55. Rg8 Re7 56. Rd8+ Kc5 57. Rc8+ Kb4 58. Kd3
Rg7 59. Rc2 Rd7 60. Re2 Ka3 61. Rc2 h4 62. Re2 Rd5 63. Rc2 Kb4 64. Rc1 Ka3 65.
Rc2 Kb4 1/2-1/2

[Event "First Saturday 2008 szeptember FM"]
[Site "Budapest"]
[Date "2008.09.12"]
[Round "7"]
[White "Seidel, Michael dr.prof"]
[Black "Bodrogi, Laszlo"]
[Result "1-0"]
[WhiteElo "2080"]
[BlackElo "2104"]
[PlyCount "51"]
[EventDate "2008.09.06"]

1. e4 c5 2. Nf3 e6 3. d4 cxd4 4. Nxd4 a6 5. Be2 Qc7 6. Be3 Nc6 7. O-O Nf6 8.
Nc3 b5 9. a3 Bb7 10. Nxc6 Bxc6 11. Qd3 Rc8 12. f3 Bd6 13. g3 Bxg3 14. hxg3
Qxg3+ 15. Kh1 h5 16. Rf2 Ng4 17. Rg2 Qh3+ 18. Kg1 f5 19. Bf4 Nf6 20. exf5 Ng4
21. Ne4 O-O 22. fxg4 hxg4 23. f6 Bxe4 24. Qxe4 Rxf6 25. Rh2 d5 26. Qe5 1-0

[Event "First Saturday 2008 szeptember FM"]
[Site "Budapest"]
[Date "2008.09.12"]
[Round "7"]
[White "Greeff, Melissa"]
[Black "Mayer, Istvan"]
[Result "1-0"]
[WhiteElo "1965"]
[BlackElo "2164"]
[PlyCount "91"]
[EventDate "2008.09.06"]

1. e4 e6 2. d4 d5 3. Nc3 Nf6 4. e5 Nfd7 5. f4 c5 6. Nf3 cxd4 7. Nxd4 Nc6 8. Be3
Bc5 9. Qd2 Nxd4 10. Bxd4 Bxd4 11. Qxd4 Qb6 12. Qxb6 Nxb6 13. Nb5 Ke7 14. Bd3
Bd7 15. Nd4 Na4 16. O-O-O Nc5 17. Rhf1 f5 18. Kd2 a5 19. Ke3 b5 20. Be2 b4 21.
g4 fxg4 22. Bxg4 g6 23. h4 Ne4 24. Rb1 Nc5 25. h5 Ne4 26. hxg6 hxg6 27. Bf3 Nc5
28. Rg1 Be8 29. c3 Bf7 30. cxb4 axb4 31. Nc6+ Kd7 32. Nxb4 Rh3 33. Rh1 d4+ 34.
Kf2 Rxh1 35. Rxh1 Rb8 36. a3 Rb6 37. Rd1 g5 38. Rxd4+ Ke7 39. Nc6+ Kf8 40. b4
Nb3 41. Rd8+ Kg7 42. Rd7 Kf8 43. Rd3 Na1 44. fxg5 Bg6 45. Rd6 Bf5 46. Nd4 1-0

[Event "First Saturday 2008 szeptember FM"]
[Site "Budapest"]
[Date "2008.09.12"]
[Round "7"]
[White "Zilahi, Gabor"]
[Black "Havaskori, Laszlo"]
[Result "0-1"]
[WhiteElo "2013"]
[BlackElo "2032"]
[PlyCount "57"]
[EventDate "2008.09.06"]

1. d4 Nf6 2. Bg5 c5 3. Bxf6 exf6 4. d5 d6 5. Nc3 g6 6. Qd2 h5 7. e4 Bh6 8. Bb5+
Nd7 9. f4 a6 10. Bxd7+ Bxd7 11. a4 b5 12. Nge2 b4 13. Nd1 Qe7 14. Nf2 O-O 15.
O-O f5 16. Qd3 Rfe8 17. Qc4 fxe4 18. Ng3 f5 19. Nd1 Qf6 20. c3 a5 21. Ne3 h4
22. Ne2 Bc8 23. Qb3 Ba6 24. c4 Bg7 25. Rab1 Qf7 26. Qc2 Rab8 27. b3 Kh7 28. Kh1
Rh8 29. Rbd1 0-1

[Event "First Saturday 2008 szeptember FM"]
[Site "Budapest"]
[Date "2008.09.13"]
[Round "8"]
[White "Mendege, Andras"]
[Black "Havaskori, Laszlo"]
[Result "1/2-1/2"]
[WhiteElo "1876"]
[BlackElo "2032"]
[PlyCount "72"]
[EventDate "2008.09.06"]

1. e4 c5 2. Nf3 d6 3. d4 cxd4 4. Nxd4 Nf6 5. Nc3 e6 6. g4 Nc6 7. g5 Nd7 8. Be3
Be7 9. Rg1 a6 10. Qd2 Qc7 11. h4 Nce5 12. f4 Nc4 13. Bxc4 Qxc4 14. h5 Qc7 15.
g6 hxg6 16. hxg6 Nf6 17. Qg2 Bf8 18. O-O-O Rh4 19. gxf7+ Qxf7 20. e5 Ng4 21.
Bd2 d5 22. Nf3 d4 23. Nxh4 dxc3 24. Qxg4 cxd2+ 25. Rxd2 Bd7 26. Qg6 Bc6 27. Rg3
Qxg6 28. Nxg6 Bc5 29. Nh4 Kf7 30. Rh2 Rh8 31. Kd2 Rd8+ 32. Rd3 Rf8 33. f5 Rh8
34. fxe6+ Kxe6 35. Nf3 Rxh2+ 36. Nxh2 Kxe5 1/2-1/2

[Event "First Saturday 2008 szeptember FM"]
[Site "Budapest"]
[Date "2008.09.13"]
[Round "8"]
[White "Mayer, Istvan"]
[Black "Zilahi, Gabor"]
[Result "1-0"]
[WhiteElo "2164"]
[BlackElo "2013"]
[PlyCount "49"]
[EventDate "2008.09.06"]

1. e4 g6 2. d4 Bg7 3. Bc4 d6 4. Nf3 h6 5. Qe2 e6 6. Bd3 Nd7 7. h4 Ne7 8. Bf4
Nf6 9. Nc3 a6 10. Bg3 b5 11. e5 Nfd5 12. exd6 cxd6 13. Ne4 Nf5 14. Bh2 O-O 15.
c3 Nxh4 16. O-O-O Nxg2 17. Qd2 e5 18. dxe5 Bg4 19. Be2 Qa5 20. Qxd5 Be6 21.
Qxd6 Qxa2 22. Qa3 Qxa3 23. bxa3 Rfc8 24. Kb2 b4 25. axb4 1-0

[Event "First Saturday 2008 szeptember FM"]
[Site "Budapest"]
[Date "2008.09.13"]
[Round "8"]
[White "Bodrogi, Laszlo"]
[Black "Greeff, Melissa"]
[Result "1/2-1/2"]
[WhiteElo "2104"]
[BlackElo "1965"]
[PlyCount "69"]
[EventDate "2008.09.06"]

1. e4 c5 2. Nf3 e6 3. d4 cxd4 4. Nxd4 a6 5. Nc3 Nc6 6. g3 Qc7 7. Bg2 Nf6 8. O-O
Bc5 9. Be3 d6 10. Re1 O-O 11. Nxc6 Bxe3 12. Ne7+ Qxe7 13. Rxe3 e5 14. Qd2 Be6
15. Rd1 Rfd8 16. Rd3 Ne8 17. Nd5 Bxd5 18. Rxd5 Rdc8 19. a4 Rc4 20. b3 Rc6 21.
c4 b6 22. a5 bxa5 23. Qxa5 Nc7 24. Qa4 Rb6 25. R5d3 Ne6 26. b4 Rab8 27. Bf1 Nd4
28. Rc1 Rxb4 29. Qxa6 R4b6 30. Qa3 Qb7 31. c5 dxc5 32. Rxc5 Qxe4 33. Re3 Qb7
34. Rcxe5 Re6 35. Rxe6 1/2-1/2

[Event "First Saturday 2008 szeptember FM"]
[Site "Budapest"]
[Date "2008.09.13"]
[Round "8"]
[White "Darazs, Zoltan"]
[Black "Seidel, Michael dr.prof"]
[Result "1-0"]
[WhiteElo "2245"]
[BlackElo "2080"]
[PlyCount "57"]
[EventDate "2008.09.06"]

1. d4 Nf6 2. c4 g6 3. Nc3 Bg7 4. e4 d6 5. f3 a6 6. Be3 c6 7. Qd2 b5 8. g4 h5 9.
g5 Nfd7 10. f4 bxc4 11. Bxc4 d5 12. Bb3 dxe4 13. d5 Qa5 14. Nge2 Bb7 15. d6 Qb4
16. dxe7 Qxe7 17. O-O-O O-O 18. f5 gxf5 19. g6 Ne5 20. gxf7+ Kh7 21. Nf4 Nbd7
22. Nxh5 Nd3+ 23. Kb1 Qh4 24. Nxg7 Kxg7 25. Rhg1+ Kh7 26. Qg2 Qg4 27. Qf1 Qh5
28. Rg5 Qh4 29. Qxf5+ 1-0

[Event "First Saturday 2008 szeptember FM"]
[Site "Budapest"]
[Date "2008.09.13"]
[Round "8"]
[White "Lakat, Gyula"]
[Black "Zoltan, Andras"]
[Result "1/2-1/2"]
[WhiteElo "1920"]
[BlackElo "2078"]
[PlyCount "30"]
[EventDate "2008.09.06"]

1. e4 e5 2. Nf3 Nc6 3. Bb5 a6 4. Ba4 Nf6 5. O-O Be7 6. Re1 O-O 7. c3 d6 8. Bc2
Bg4 9. h3 Bxf3 10. Qxf3 h6 11. b3 Qd7 12. Bb2 Rae8 13. d3 d5 14. exd5 Nxd5 15.
Nd2 f5 1/2-1/2

[Event "First Saturday 2008 szeptember FM"]
[Site "Budapest"]
[Date "2008.09.13"]
[Round "8"]
[White "Borda, Lajos"]
[Black "Koban, Balint"]
[Result "1/2-1/2"]
[WhiteElo "2149"]
[BlackElo "2148"]
[PlyCount "43"]
[EventDate "2008.09.06"]

1. d4 Nf6 2. c4 g6 3. Nc3 d5 4. cxd5 Nxd5 5. Bd2 Bg7 6. e3 O-O 7. Rc1 Nb6 8. f4
N8d7 9. Ne4 Nf6 10. Nf2 Be6 11. b3 a5 12. Bc4 Nxc4 13. bxc4 c6 14. Nf3 b5 15.
Ne5 bxc4 16. O-O c5 17. dxc5 Qc7 18. Nxc4 Qxc5 19. Nxa5 Qb5 20. a4 Qd7 21. Nc6
Rfc8 22. Ne5 1/2-1/2

[Event "First Saturday 2008 szeptember FM"]
[Site "Budapest"]
[Date "2008.09.14"]
[Round "9"]
[White "Koban, Balint"]
[Black "Mendege, Andras"]
[Result "1-0"]
[WhiteElo "2148"]
[BlackElo "1876"]
[PlyCount "67"]
[EventDate "2008.09.06"]

1. e4 e6 2. d4 d5 3. Nd2 dxe4 4. Nxe4 Bd7 5. Nf3 Bc6 6. Bd3 Nd7 7. O-O Ngf6 8.
Ned2 Bxf3 9. Qxf3 c6 10. Nc4 Nb6 11. c3 Nxc4 12. Bxc4 Be7 13. Re1 Qc7 14. a4
O-O 15. Bd3 Nd7 16. h4 Rfe8 17. h5 h6 18. Re4 Nf6 19. Re2 Nd7 20. Bd2 c5 21.
Rae1 cxd4 22. cxd4 Nf6 23. Bf4 Qb6 24. Be5 Rad8 25. Rc1 Rc8 26. Rec2 Rxc2 27.
Rxc2 Bd8 28. a5 Qxa5 29. Qxb7 Qd5 30. Rc6 Nd7 31. Bc4 Qxc6 32. Qxc6 Nb6 33.
Qxe8+ Kh7 34. Qxf7 1-0

[Event "First Saturday 2008 szeptember FM"]
[Site "Budapest"]
[Date "2008.09.14"]
[Round "9"]
[White "Zoltan, Andras"]
[Black "Borda, Lajos"]
[Result "1/2-1/2"]
[WhiteElo "2078"]
[BlackElo "2149"]
[PlyCount "33"]
[EventDate "2008.09.06"]

1. e4 c5 2. Nf3 a6 3. c3 d5 4. exd5 Qxd5 5. d4 Nf6 6. Be2 g6 7. c4 Qd6 8. dxc5
Qxc5 9. O-O Bg7 10. Be3 Qc7 11. Nc3 O-O 12. Qb3 Nbd7 13. Nd5 Nxd5 14. cxd5 Qd6
15. Rac1 Re8 16. Rfd1 h6 17. Rc4 1/2-1/2

[Event "First Saturday 2008 szeptember FM"]
[Site "Budapest"]
[Date "2008.09.14"]
[Round "9"]
[White "Seidel, Michael dr.prof"]
[Black "Lakat, Gyula"]
[Result "1/2-1/2"]
[WhiteElo "2080"]
[BlackElo "1920"]
[PlyCount "56"]
[EventDate "2008.09.06"]

1. e4 c5 2. Nf3 e6 3. d4 cxd4 4. Nxd4 Nf6 5. Bd3 Nc6 6. Nxc6 bxc6 7. c4 e5 8.
O-O Bc5 9. Nc3 Rb8 10. Rb1 d6 11. a3 a5 12. Na4 Bg4 13. Qe1 Bd4 14. Be3 Bxe3
15. Qxe3 Be6 16. b4 axb4 17. axb4 O-O 18. Nc3 Ng4 19. Qg3 h5 20. h3 h4 21. Qf3
Nh6 22. b5 c5 23. Ra1 Qg5 24. Ra6 Rfd8 25. Rfa1 Bc8 26. Ra7 Bb7 27. Nd5 Bxd5
28. cxd5 Rdc8 1/2-1/2

[Event "First Saturday 2008 szeptember FM"]
[Site "Budapest"]
[Date "2008.09.14"]
[Round "9"]
[White "Greeff, Melissa"]
[Black "Darazs, Zoltan"]
[Result "0-1"]
[WhiteElo "1965"]
[BlackElo "2245"]
[PlyCount "106"]
[EventDate "2008.09.06"]

1. e4 c5 2. Nf3 Nc6 3. d4 cxd4 4. Nxd4 g6 5. Nc3 Bg7 6. Be3 Nf6 7. Bc4 O-O 8.
Bb3 a5 9. O-O a4 10. Nxa4 Nxe4 11. Nb5 d6 12. c3 Ra6 13. Bc2 Nf6 14. c4 Ng4 15.
Bf4 Be6 16. Bb3 Na5 17. c5 Nxb3 18. axb3 dxc5 19. Qxd8 Rxd8 20. h3 Nf6 21. Nxc5
Rb6 22. Nxe6 Rxe6 23. Ra7 Re4 24. Bc7 Rc8 25. Ra4 Rxa4 26. bxa4 Nd5 27. Bg3
Bxb2 28. Rd1 Rc1 29. Rxc1 Bxc1 30. Kf1 Nb6 31. a5 Nc4 32. Bc7 Bd2 33. Bd8 Kf8
34. Bc7 Bxa5 35. Bf4 e5 36. Bg5 Ke8 37. Ke2 Kd7 38. Kd3 Nd6 39. Nxd6 Kxd6 40.
Kc4 Bb6 41. f3 Ke6 42. g4 h5 43. Bd2 hxg4 44. hxg4 f5 45. Kb5 Ba7 46. Kc4 Bf2
47. Kd3 Kd5 48. Ke2 Bc5 49. Kd3 b5 50. Bc1 fxg4 51. fxg4 b4 52. g5 Bd4 53. Kc2
Kc4 0-1

[Event "First Saturday 2008 szeptember FM"]
[Site "Budapest"]
[Date "2008.09.14"]
[Round "9"]
[White "Zilahi, Gabor"]
[Black "Bodrogi, Laszlo"]
[Result "1-0"]
[WhiteElo "2013"]
[BlackElo "2104"]
[PlyCount "69"]
[EventDate "2008.09.06"]

1. d4 d5 2. e3 Nf6 3. Bd3 e6 4. Nd2 Bd6 5. f4 b6 6. Ngf3 Bb7 7. Ne5 c6 8. O-O
Nbd7 9. c3 Qc7 10. a4 a5 11. Rf3 g6 12. Qe2 Nf8 13. e4 dxe4 14. Nxe4 Nxe4 15.
Bxe4 f6 16. Nc4 O-O-O 17. Nxd6+ Qxd6 18. Be3 f5 19. Bd3 Nd7 20. Rd1 Nf6 21. Bf2
Nd5 22. Qd2 Rhe8 23. Bf1 Nc7 24. Rh3 Rd7 25. Bh4 Nd5 26. Rf3 Qf8 27. Bd3 h6 28.
Re1 Rg7 29. Rf2 Qg8 30. Rfe2 Nxf4 31. Qxf4 g5 32. Qe5 gxh4 33. Bxf5 c5 34. d5
Bxd5 35. Qxd5 1-0

[Event "First Saturday 2008 szeptember FM"]
[Site "Budapest"]
[Date "2008.09.14"]
[Round "9"]
[White "Havaskori, Laszlo"]
[Black "Mayer, Istvan"]
[Result "1/2-1/2"]
[WhiteElo "2032"]
[BlackElo "2164"]
[PlyCount "38"]
[EventDate "2008.09.06"]

1. c4 e5 2. Nc3 Nc6 3. d3 Nf6 4. g3 Bc5 5. Bg2 d6 6. Nf3 a6 7. O-O h6 8. a3 O-O
9. b4 Bb6 10. Rb1 a5 11. e3 axb4 12. axb4 Qe8 13. Nd2 Ne7 14. Nb3 c6 15. b5 Be6
16. Qe2 Qd7 17. Rd1 Bf5 18. Rb2 Rfe8 19. Ra2 Bg4 1/2-1/2

[Event "First Saturday 2008 szeptember FM"]
[Site "Budapest"]
[Date "2008.09.15"]
[Round "10"]
[White "Mendege, Andras"]
[Black "Mayer, Istvan"]
[Result "0-1"]
[WhiteElo "1876"]
[BlackElo "2164"]
[PlyCount "84"]
[EventDate "2008.09.06"]

1. e4 c5 2. Nf3 d6 3. d4 cxd4 4. Nxd4 Nf6 5. Nc3 g6 6. Be3 Bg7 7. Qd2 O-O 8.
Bc4 Ng4 9. Bg5 h6 10. Bh4 Bxd4 11. Qxd4 e5 12. Bxd8 exd4 13. Nb5 Rxd8 14. Nc7
Ne5 15. Bd5 Nbc6 16. Nxa8 Nb4 17. O-O-O Nxd5 18. exd5 Bd7 19. Nb6 axb6 20. Rxd4
Rc8 21. f4 Ng4 22. Kd2 Rc5 23. b4 Rc8 24. h3 Nf6 25. Ra1 Bb5 26. a3 Bc4 27. g4
Nxd5 28. Kc1 b5 29. Kb2 Nb6 30. Re1 Be6 31. Rd3 Rc6 32. Rf3 Bd5 33. Rg3 Kg7 34.
h4 Rc4 35. Rf1 Be4 36. Rf2 Na4+ 37. Kb1 d5 38. Re3 Nc3+ 39. Kc1 d4 40. Rg3 Nd5
41. Kb2 Ne3 42. f5 Nd1+ 0-1

[Event "First Saturday 2008 szeptember FM"]
[Site "Budapest"]
[Date "2008.09.15"]
[Round "10"]
[White "Darazs, Zoltan"]
[Black "Zilahi, Gabor"]
[Result "1/2-1/2"]
[WhiteElo "2245"]
[BlackElo "2013"]
[PlyCount "103"]
[EventDate "2008.09.06"]

1. e4 g6 2. d4 Bg7 3. Nc3 d6 4. f4 e6 5. Nf3 Ne7 6. Be3 a6 7. Qd2 b5 8. O-O-O
Bb7 9. Bd3 Nd7 10. f5 gxf5 11. exf5 Bxf3 12. gxf3 d5 13. Rhg1 Bf6 14. fxe6 fxe6
15. Qg2 Nf8 16. Qh3 Qd7 17. Ne2 O-O-O 18. a4 Kb7 19. Nf4 Nf5 20. Bxf5 exf5 21.
Nd3 Ka7 22. Nc5 Qc8 23. axb5 axb5 24. Kd2 Ne6 25. Ra1+ Kb8 26. Ra5 Nxc5 27.
dxc5 Qe6 28. Rga1 Qc6 29. Ra6 d4 30. Ra8+ Qxa8 31. Rxa8+ Kxa8 32. Bf4 Rd5 33.
b4 d3 34. cxd3 Rhd8 35. Qf1 Kb7 36. Qb1 Rxd3+ 37. Qxd3 Rxd3+ 38. Kxd3 c6 39.
Be3 Be5 40. h3 Kc8 41. Bd4 Bf4 42. Be3 Bg3 43. Bd4 Kd7 44. Bc3 Ke6 45. Bd2 Kf6
46. Ke2 Kg6 47. Kf1 Be5 48. Kg2 Kf6 49. Kf2 Ke6 50. Ke2 Kd5 51. Kd3 Bg3 52. Bc3
1/2-1/2

[Event "First Saturday 2008 szeptember FM"]
[Site "Budapest"]
[Date "2008.09.15"]
[Round "10"]
[White "Lakat, Gyula"]
[Black "Greeff, Melissa"]
[Result "1/2-1/2"]
[WhiteElo "1920"]
[BlackElo "1965"]
[PlyCount "76"]
[EventDate "2008.09.06"]

1. Nf3 g6 2. d4 Nf6 3. c4 Bg7 4. Nc3 O-O 5. e4 d6 6. h3 Qe8 7. Be3 Na6 8. c5
dxc5 9. Bxa6 bxa6 10. dxc5 Bb7 11. Qc2 e5 12. Rd1 Qe6 13. Ng5 Qc4 14. b3 Qb4
15. a3 Qxa3 16. O-O Bc6 17. Ra1 Qb4 18. Rxa6 Qb7 19. Rfa1 h6 20. Nf3 Nxe4 21.
Ne1 Nxc3 22. Qxc3 Rfd8 23. Nc2 Rdb8 24. b4 f5 25. Qb3+ Bd5 26. Qa4 f4 27. c6
Qb5 28. Qxb5 Rxb5 29. Bxa7 Be4 30. Bc5 Rxa6 31. Rxa6 Bxc2 32. Ra8+ Kf7 33. Rc8
Be4 34. Rxc7+ Kf6 35. f3 Bd5 36. Rd7 Bxc6 37. Rd6+ Kf5 38. Rxc6 Rb8 1/2-1/2

[Event "First Saturday 2008 szeptember FM"]
[Site "Budapest"]
[Date "2008.09.15"]
[Round "10"]
[White "Koban, Balint"]
[Black "Zoltan, Andras"]
[Result "1/2-1/2"]
[WhiteElo "2148"]
[BlackElo "2078"]
[PlyCount "55"]
[EventDate "2008.09.06"]

1. e4 e5 2. Nf3 Nc6 3. Bb5 Bc5 4. O-O Nf6 5. c3 O-O 6. d4 Bb6 7. Bg5 d6 8. Qd3
Qe7 9. Nbd2 Bd7 10. a4 a5 11. Rfe1 Nb8 12. Bc4 Be6 13. dxe5 dxe5 14. Nxe5 Bxf2+
15. Kxf2 Qc5+ 16. Qd4 Qxe5 17. Bxf6 Qf4+ 18. Kg1 Qxf6 19. e5 Qh6 20. Bxe6 Qxe6
21. Nf3 Nc6 22. Qh4 h6 23. Re4 Rad8 24. Rae1 Rd5 25. Qg3 Rfd8 26. Rg4 g6 27.
Rh4 Kg7 28. Rhe4 1/2-1/2